[Event "SRB-chT (Women) Div1"]
[Site "Senta"]
[Date "2023.10.19"]
[Round "10.4"]
[White "Vujatovic, Irina"]
[Black "Zarkovic, Mila"]
[Result "1/2-1/2"]
[WhiteElo "1722"]
[BlackElo "2199"]
[PlyCount "81"]
[EventDate "2023.10.10"]
[EventType "team-tourn"]
[EventRounds "11"]
[EventCountry "SRB"]
[SourceTitle "Mega2024 Update 01"]
[Source "Chessbase"]
[SourceDate "2023.11.12"]
[SourceVersion "1"]
[SourceVersionDate "2023.11.12"]
[SourceQuality "1"]
[WhiteTeam "Belgrade Vidikovac (W)"]
[BlackTeam "Sremska Mitrovica Sirmium (W)"]
[WhiteTeamCountry "SRB"]
[BlackTeamCountry "SRB"]

1. e4 c5 2. Nf3 e6 3. d3 Nc6 4. g3 Nf6 5. Bg2 d5 6. Qe2 Be7 7. 0-0 0-0 8. e5 Nd7 9. c4 Nb6 10. h4 h6 11. h5 f5 12. cxd5 Nxd5 13. Nc3 Ncb4 14. Nxd5 Nxd5 15. Rd1 b5 16. Bf4 Bb7 17. Ne1 Rc8 18. Nc2 Nxf4 19. gxf4 Bxg2 20. Kxg2 Qd5+ 21. Qf3 Rfd8 22. Ne3 Qd4 23. Kh3 Rc7 24. Qg3 Bf8 25. Rg1 Kh8 26. Qh4 Rcd7 27. Rad1 Qxb2 28. Rg6 Qxa2 29. Rdg1 Re8 30. Qg3 Qe2 31. Rxh6+ Kg8 32. Qg6 Qf3+ 33. Kh2 Qxf2+ 34. Ng2 Rxd3 35. Rh7 Qf3 36. Rxg7+ Bxg7 37. Qxe8+ Kh7 38. Qg6+ Kh8 39. Qe8+ Kh7 40. Qg6+ Kh8 41. Qe8+ 1/2-1/2

[Event "SRB-chT (Women) Div1"]
[Site "Senta"]
[Date "2023.10.14"]
[Round "5.4"]
[White "Vujatovic, Irina"]
[Black "Dimitrijevic, Andjela"]
[Result "1-0"]
[WhiteElo "1722"]
[BlackElo "1826"]
[PlyCount "73"]
[EventDate "2023.10.10"]
[EventType "team-tourn"]
[EventRounds "11"]
[EventCountry "SRB"]
[SourceTitle "Mega2024 Update 01"]
[Source "Chessbase"]
[SourceDate "2023.11.12"]
[SourceVersion "1"]
[SourceVersionDate "2023.11.12"]
[SourceQuality "1"]
[WhiteTeam "Belgrade Vidikovac (W)"]
[BlackTeam "Kostolac Rudar (W)"]
[WhiteTeamCountry "SRB"]
[BlackTeamCountry "SRB"]

1. e4 c5 2. Nf3 d6 3. Bb5+ Bd7 4. Bxd7+ Nxd7 5. 0-0 Ngf6 6. Re1 e6 7. c3 Be7 8. d4 0-0 9. Nbd2 cxd4 10. cxd4 Nb6 11. Nf1 d5 12. e5 Ne4 13. N3d2 Nxd2 14. Bxd2 Nc4 15. Bc3 Qd7 16. Ne3 Rfc8 17. Qg4 b5 18. Rac1 b4 19. Nxc4 Rxc4 20. Bd2 Rac8 21. Bh6 Bf8 22. Rcd1 Qb5 23. h4 Rc2 24. h5 Kh8 25. Re3 Rc1 26. Rxc1 Rxc1+ 27. Kh2 Qf1 28. Rf3 Qh1+ 29. Kg3 Rc7 30. Qxe6 Qxh5 31. Bxg7+ Kxg7 32. Qf6+ Kg8 33. Rf4 Bh6 34. Qd8+ Kg7 35. Rg4+ Bg5 36. Rxg5+ Qxg5+ 37. Qxg5+ 1-0

[Event "SRB-chT (Women) Div1"]
[Site "Senta"]
[Date "2023.10.11"]
[Round "2.4"]
[White "Benderac, Ana"]
[Black "Vujatovic, Irina"]
[Result "1/2-1/2"]
[WhiteElo "2092"]
[BlackElo "1722"]
[PlyCount "60"]
[EventDate "2023.10.10"]
[EventType "team-tourn"]
[EventRounds "11"]
[EventCountry "SRB"]
[SourceTitle "Mega2024 Update 01"]
[Source "Chessbase"]
[SourceDate "2023.11.12"]
[SourceVersion "1"]
[SourceVersionDate "2023.11.12"]
[SourceQuality "1"]
[WhiteTeam "Nis Osnovac (W)"]
[BlackTeam "Belgrade Vidikovac (W)"]
[WhiteTeamCountry "SRB"]
[BlackTeamCountry "SRB"]

1. d4 Nf6 2. Nf3 d5 3. e3 e6 4. Bd3 Bd6 5. b3 0-0 6. Bb2 c5 7. Nbd2 cxd4 8. exd4 Nc6 9. c4 Re8 10. 0-0 dxc4 11. Nxc4 Bc7 12. Nce5 Nb4 13. Bb5 Rf8 14. a3 Nbd5 15. Rc1 Bd6 16. Bd3 Nf4 17. Bb1 Bd7 18. Nxd7 Qxd7 19. g3 N4d5 20. Qd3 Rac8 21. Ng5 g6 22. h4 b5 23. Ne4 Nxe4 24. Qxe4 Rxc1 25. Rxc1 Rc8 26. Rxc8+ Qxc8 27. Qc2 Qxc2 28. Bxc2 a5 29. Bd3 b4 30. a4 f5 1/2-1/2

[Event "SRB-chT (Women) Div1"]
[Site "Senta"]
[Date "2023.10.10"]
[Round "1.4"]
[White "Vujatovic, Irina"]
[Black "Srdanovic, Jovana"]
[Result "0-1"]
[WhiteElo "1722"]
[BlackElo "2143"]
[PlyCount "84"]
[EventDate "2023.10.10"]
[EventType "team-tourn"]
[EventRounds "11"]
[EventCountry "SRB"]
[SourceTitle "Mega2024 Update 01"]
[Source "Chessbase"]
[SourceDate "2023.11.12"]
[SourceVersion "1"]
[SourceVersionDate "2023.11.12"]
[SourceQuality "1"]
[WhiteTeam "Belgrade Vidikovac (W)"]
[BlackTeam "Belgrade Crvena Zvezda (W)"]
[WhiteTeamCountry "SRB"]
[BlackTeamCountry "SRB"]

1. e4 c5 2. Nf3 e6 3. d3 Nc6 4. g3 d6 5. Bg2 Nf6 6. 0-0 Be7 7. Qe2 0-0 8. c4 a6 9. Nc3 Rb8 10. b3 Nd7 11. Bb2 b5 12. Nd1 Bf6 13. Ne3 Nde5 14. Nxe5 Bxe5 15. cxb5 axb5 16. Bxe5 dxe5 17. Rac1 Qb6 18. Rfe1 Nd4 19. Qh5 f6 20. Nc2 Nc6 21. Kh1 Ra8 22. a3 Qd8 23. Qe2 Qd6 24. Red1 Bd7 25. Qe1 Rfc8 26. h4 Kf7 27. Qd2 Nd4 28. Nxd4 cxd4 29. Rxc8 Rxc8 30. f4 exf4 31. gxf4 Qxa3 32. Qe2 Rc1 33. Kh2 Rxd1 34. Qxd1 Qc5 35. Bh3 Kf8 36. h5 b4 37. Kg3 Qc3 38. Bg2 e5 39. fxe5 fxe5 40. h6 gxh6 41. Qh5 Qxd3+ 42. Bf3 Qe3 0-1